Arte de criar á los niños (Record no. 166772)

MARC details
000 -LEADER
campo de control de longitud fija 00823nam a2200217 i 4500
001 - NÚMERO DE CONTROL
campo de control 166772
003 - IDENTIFICADOR DE NÚMERO DE CONTROL
campo de control ES-MaACL
005 - FECHA Y HORA DE LA ÚLTIMA TRANSACCIÓN
campo de control 20230906213411.0
008 - DATOS DE LONGITUD FIJA--INFORMACIÓN GENERAL
campo de control de longitud fija 990701s1906 sp a |||| | spa d
040 ## - FUENTE DE CATALOGACIÓN
Centro catalogador/agencia de origen GA
Lengua de catalogación spa
Centro/agencia transcriptor CCPB | 3D
100 1# - ENTRADA PRINCIPAL--NOMBRE DE PERSONA
Nombre de persona Ulecia y Cardona, Rafael (
Fechas asociadas al nombre 1850-1912)
9 (RLIN) 111917
245 10 - MENCIÓN DEL TÍTULO
Título Arte de criar á los niños
Resto del título : (nociones de higiene infantil) /
Mención de responsabilidad, etc. por Rafael Ulecia y Cardoná ; con un prefacio del doctor Pierre Budin.
250 ## - MENCION DE EDICION
Mención de edición 2ª ed. corr. y aum.
260 ## - PUBLICACIÓN, DISTRIBUCIÓN, ETC.
Lugar de publicación, distribución, etc. Madrid :
Nombre del editor, distribuidor, etc. Administración de la Revista de Medicina y Cirugía Prácticas,
Fecha de publicación, distribución, etc. 1906.
300 ## - DESCRIPCIÓN FÍSICA
Extensión 208 p. :
Otras características físicas il. ;
Dimensiones 18 cm.
490 1# - MENCIÓN DE SERIE
Mención de serie Biblioteca para las madres
700 1# - ENTRADA AGREGADA--NOMBRE PERSONAL
Nombre de persona Budin, Pierre.
9 (RLIN) 126223
830 0# - PUNTO DE ACCESO ADICIONAL DE SERIE-TÍTULO UNIFORME
Título uniforme Biblioteca para las madres
9 (RLIN) 222577
852 ## - LOCALIZACIÓN
Ubicación ES-MaACL
Número de control de estantería B-11667
Nota libre -- Enc. tela
Holdings
Estatus retirado Estado de pérdida Estado de daño No para préstamo Biblioteca de origen Biblioteca actual Ubicación en estantería Fecha de adquisición Fuente de adquisición Total de préstamos Signatura topográfica completa Código de barras Visto por última vez Precio de reemplazo Tipo de ítem Koha
        Biblioteca del Ateneo de Madrid Biblioteca del Ateneo de Madrid Sala Pardo Bazán 17/01/2008     B-11667 1174909 23/02/2023 23/02/2023 Libro impreso